[Event "OLNO 2324 Forster SC 95 - SV Empor Berli"]
[Site "?"]
[Date "2024.02.25"]
[Round "6.8"]
[White "Szylko, Waldemar"]
[Black "Nitsche, Nikolai"]
[Result "0-1"]
[WhiteElo "1928"]
[BlackElo "1987"]
[PlyCount "126"]
[EventDate "2024.??.??"]

1. e4 g6 2. Nc3 Bg7 3. g3 d6 4. d3 e5 5. Be3 Nf6 6. h3 d5 7. exd5 Nxd5 8. Nxd5 Qxd5 9. Qf3 Qb5 10. O-O-O O-O 11. d4 Qa4 12. Kb1 exd4 13. b3 Qb4 14. Bd2 Qb6 15. Ne2 Nc6 16. Nf4 Ne5 17. Qe2 c5 18. Bg2 Bd7 19. Nd5 Qd6 20. f4 Nc6 21. f5 Bxf5 22. Bf4 Qd8 23. Qc4 b6 24. Ne3 Be6 25. Qe2 Rc8 26. Ng4 Bxg4 27. hxg4 Qf6 28. Rd3 g5 29. Be4 h6 30. Qf3 Nb4 31. Bf5 Nxd3 32. Bxd3 Rfe8 33. Rf1 gxf4 34. gxf4 Re3 35. Qb7 Qc6 36. Qa6 b5 37. Qa5 b4 38. g5 hxg5 39. fxg5 Re7 40. a3 Qb6 41. Qa4 bxa3 42. g6 fxg6 43. Qc4+ Qe6 44. Qa4 Kh7 45. Rg1 Rc6 46. Ka2 c4 47. bxc4 Rec7 48. Rxg6 Qxg6 49. Qb5 Kh6 50. Bxg6 Kxg6 51. Qd5 Rxc4 52. Qe6+ Kg5 53. Qd5+ Kf6 54. Qd6+ Kf7 55. Qd5+ Ke7 56. Qe4+ Kd6 57. Qg6+ Kc5 58. Qd3 Kb6 59. Qg6+ R4c6 60. Qf5 Rxc2+ 61. Kxa3 R7c3+ 62. Kb4 Bf8+ 63. Qxf8 a5+ 0-1

[Event "OLNO 2324 SF Berlin II - TSG Oberschöne"]
[Site "?"]
[Date "2024.02.25"]
[Round "6.1"]
[White "Rosenthal, Dirk"]
[Black "Florstedt, Johannes"]
[Result "1/2-1/2"]
[WhiteElo "2385"]
[BlackElo "2357"]
[PlyCount "109"]
[EventDate "2024.??.??"]

1. d4 Nf6 2. c4 g6 3. Nc3 d5 4. cxd5 Nxd5 5. Bd2 Bg7 6. e4 Nxc3 7. Bxc3 O-O 8. Bc4 c5 9. d5 Bxc3+ 10. bxc3 e6 11. Ne2 b5 12. Bxb5 exd5 13. exd5 Qa5 14. Qa4 Qxa4 15. Bxa4 Ba6 16. Ng3 Bc4 17. Bb3 Bxb3 18. axb3 Nd7 19. c4 Rfb8 20. Ra3 a5 21. Kd2 Rb4 22. Kc3 a4 23. Rha1 Rab8 24. Rxa4 Rxb3+ 25. Kd2 Nb6 26. R4a2 Nxc4+ 27. Kc2 Nd6 28. Ra8 Rb2+ 29. Kc1 Rb1+ 30. Rxb1 Rxa8 31. Rb6 Nc4 32. Rc6 Ne5 33. Rc7 Rd8 34. Ne4 Kf8 35. Nc3 Rd7 36. Rc8+ Ke7 37. Kc2 Ng4 38. Kb3 Nxf2 39. Kc4 Kd6 40. Nb5+ Ke5 41. Re8+ Kf4 42. Kxc5 Ne4+ 43. Kc6 Rxd5 44. Rxe4+ Kxe4 45. Nc3+ Ke3 46. Kxd5 f5 47. Ke5 Kf2 48. g3 Kg2 49. Kf4 Kxh2 50. Kf3 g5 51. Nd1 h5 52. Ne3 f4 53. gxf4 gxf4 54. Nf5 Kg1 55. Kxf4 1/2-1/2

[Event "OLNO 2324 SF Berlin II - TSG Oberschöne"]
[Site "?"]
[Date "2024.02.25"]
[Round "6.2"]
[White "Poltorak, Sebastian"]
[Black "Schoewel, Matthias"]
[Result "1-0"]
[WhiteElo "2379"]
[BlackElo "2214"]
[PlyCount "59"]
[EventDate "2024.??.??"]

1. d4 d5 2. c4 e6 3. Nc3 Nf6 4. cxd5 exd5 5. Bg5 Be7 6. e3 c6 7. Bd3 Ne4 8. Bf4 Nxc3 9. bxc3 O-O 10. Qc2 h6 11. Ne2 Bd6 12. O-O Bxf4 13. Nxf4 Qd6 14. c4 dxc4 15. Bxc4 Nd7 16. Rfc1 Nb6 17. Bb3 Qf6 18. a4 Bf5 19. Qb2 Nc8 20. a5 Ne7 21. Rc5 Rab8 22. Nh5 Qh4 23. Ng3 Bh7 24. Rh5 Qf6 25. Re5 Rfd8 26. Nh5 Qd6 27. d5 Bg6 28. Re6 Bxh5 29. Rxd6 Rxd6 30. Qe5 1-0

[Event "OLNO 2324 SF Berlin II - TSG Oberschöne"]
[Site "?"]
[Date "2024.02.25"]
[Round "6.3"]
[White "Horn, Sven"]
[Black "Polzin, Rainer"]
[Result "1/2-1/2"]
[WhiteElo "2090"]
[BlackElo "2409"]
[PlyCount "55"]
[EventDate "2024.??.??"]

1. e4 c5 2. Nf3 g6 3. d4 cxd4 4. Qxd4 Nf6 5. Bc4 Nc6 6. Qe3 Bg7 7. h3 d5 8. exd5 Nxd5 9. Qe2 O-O 10. c3 Nb6 11. Bd3 e5 12. O-O f5 13. Rd1 Qc7 14. Bc2 e4 15. Nh2 Be6 16. Na3 a6 17. Be3 Ne5 18. Bd4 Rae8 19. f3 Nec4 20. Nxc4 Bxc4 21. Qf2 Bxd4 22. Rxd4 e3 23. Qh4 Bf7 24. Bb3 Bxb3 25. axb3 Qf7 26. f4 Nd5 27. Nf3 Nf6 28. Ne5 1/2-1/2

[Event "OLNO 2324 SF Berlin II - TSG Oberschöne"]
[Site "?"]
[Date "2024.02.25"]
[Round "6.4"]
[White "Ahlander, Bjorn"]
[Black "Raitza, Olaf"]
[Result "1-0"]
[WhiteElo "2370"]
[BlackElo "2048"]
[PlyCount "63"]
[EventDate "2024.??.??"]

1. d4 Nf6 2. c4 e6 3. Nf3 Bb4+ 4. Nbd2 d5 5. g3 O-O 6. Bg2 c5 7. dxc5 Bxc5 8. O-O Nc6 9. a3 a5 10. cxd5 Nxd5 11. e4 Nf6 12. e5 Ng4 13. Ne4 Qb6 14. Bf4 Rd8 15. Qc2 Be7 16. h3 Nh6 17. Bxh6 gxh6 18. Qc1 Nd4 19. Qxh6 Nf5 20. Nf6+ Bxf6 21. Qxf6 Bd7 22. g4 Ng3 23. Rfe1 Bb5 24. Ng5 Rd7 25. Bf3 Rc8 26. Rac1 Rxc1 27. Rxc1 Bc6 28. Kg2 Ne2 29. Rxc6 bxc6 30. Bxe2 Qb3 31. Bf3 Qxb2 32. Bxc6 1-0

[Event "OLNO 2324 SF Berlin II - TSG Oberschöne"]
[Site "?"]
[Date "2024.02.25"]
[Round "6.5"]
[White "Jauk, Wilhelm"]
[Black "Chatzidakis, Mihail"]
[Result "0-1"]
[WhiteElo "2138"]
[BlackElo "2331"]
[PlyCount "40"]
[EventDate "2024.??.??"]

1. c4 g6 2. Nc3 Bg7 3. g3 d6 4. Bg2 e5 5. e4 Be6 6. d3 Qd7 7. h3 c6 8. Nge2 Ne7 9. b3 d5 10. Bb2 Na6 11. Qd2 dxc4 12. bxc4 O-O 13. O-O-O Rfd8 14. Kb1 Bxc4 15. Nc1 Be6 16. g4 c5 17. Qe3 b5 18. g5 b4 19. N3e2 Qa4 20. h4 c4 0-1

[Event "OLNO 2324 SF Berlin II - TSG Oberschöne"]
[Site "?"]
[Date "2024.02.25"]
[Round "6.6"]
[White "Lundin, Jan"]
[Black "Boewer, Roland"]
[Result "1/2-1/2"]
[WhiteElo "2238"]
[BlackElo "2174"]
[PlyCount "118"]
[EventDate "2024.??.??"]

1. e4 c5 2. Nc3 Nc6 3. g3 g6 4. Bg2 Bg7 5. d3 d6 6. f4 Rb8 7. Nf3 Nd4 8. Nd5 Bg4 9. c3 Nxf3+ 10. Bxf3 Bxf3 11. Qxf3 e6 12. Ne3 Ne7 13. O-O Qd7 14. f5 exf5 15. exf5 Nxf5 16. Nxf5 Qxf5 17. Qxf5 gxf5 18. Rxf5 Rd8 19. Bg5 Rd7 20. Re1+ Kf8 21. Rd5 f6 22. Bf4 Kf7 23. Rxd6 Rhd8 24. Ree6 b6 25. Kf2 f5 26. Ke3 b5 27. Rxd7+ Rxd7 28. Rc6 Bf8 29. Rc7 Rxc7 30. Bxc7 Bh6+ 31. Bf4 Bg7 32. Bd6 c4 33. dxc4 bxc4 34. Bc5 a6 35. Bd4 Bh6+ 36. Ke2 Ke6 37. b3 Kd5 38. Kf3 Bd2 39. g4 fxg4+ 40. Kxg4 cxb3 41. axb3 Ke4 42. Bf6 Kd3 43. c4 Bb4 44. Kf5 a5 45. Bd8 Kc3 46. Bb6 a4 47. bxa4 Kxc4 48. h3 Bd2 49. Kf6 Kb4 50. a5 Kb5 51. Kg7 h6 52. Kg6 Bg5 53. Kf5 Bd2 54. Bc7 Ka6 55. Kg4 Kb5 56. Bf4 Bxa5 57. Bxh6 Be1 58. Bf4 Kc6 59. Bg3 Bxg3 1/2-1/2

[Event "OLNO 2324 SF Berlin II - TSG Oberschöne"]
[Site "?"]
[Date "2024.02.25"]
[Round "6.7"]
[White "Bellmann, Rambald"]
[Black "Rudolf, Henrik"]
[Result "0-1"]
[WhiteElo "2023"]
[BlackElo "2283"]
[PlyCount "62"]
[EventDate "2024.??.??"]

1. e4 c5 2. Nf3 Nc6 3. c4 e6 4. d4 cxd4 5. Nxd4 Nf6 6. Nxc6 bxc6 7. Bd3 e5 8. Be3 d6 9. Bg5 Be7 10. Bxf6 Bxf6 11. Nc3 Be6 12. Qa4 O-O 13. Qxc6 Rb8 14. O-O Rxb2 15. Rab1 Rxb1 16. Rxb1 Qa5 17. Rb3 Rc8 18. Qb5 Qxb5 19. Rxb5 g6 20. Nd5 Bd8 21. Rb7 Bxd5 22. exd5 Bb6 23. Kf1 e4 24. Bc2 Rxc4 25. Bb3 Rc1+ 26. Ke2 Rg1 27. g3 Rg2 28. Rxb6 axb6 29. Bc2 f5 30. Kf1 Rxh2 31. Kg1 e3 0-1

[Event "OLNO 2324 SF Berlin II - TSG Oberschöne"]
[Site "?"]
[Date "2024.02.25"]
[Round "6.8"]
[White "Noetzel, Felix"]
[Black "Bongardt, Livius"]
[Result "1-0"]
[WhiteElo "2153"]
[BlackElo "1818"]
[PlyCount "77"]
[EventDate "2024.??.??"]

1. e4 e5 2. Nf3 Nc6 3. d4 exd4 4. Nxd4 Bc5 5. Nb3 Bb6 6. Qe2 d6 7. Nc3 Nge7 8. Be3 O-O 9. O-O-O Be6 10. f4 Bg4 11. Qxg4 Bxe3+ 12. Kb1 Bb6 13. Bd3 Qc8 14. f5 Ne5 15. Qh4 f6 16. g4 c5 17. Be2 c4 18. Nd4 Bxd4 19. Rxd4 Qc5 20. Rdd1 b5 21. g5 Kh8 22. Qf4 a5 23. h4 a4 24. Qd2 b4 25. Nd5 Nxd5 26. Qxd5 Rad8 27. gxf6 gxf6 28. Rhg1 c3 29. Qe6 cxb2 30. Rg8+ Rxg8 31. Qxf6+ Rg7 32. Qxd8+ Rg8 33. Qf6+ Rg7 34. Rxd6 Nf7 35. Rc6 Qg1+ 36. Kxb2 a3+ 37. Kb3 Qb1+ 38. Ka4 h6 39. Bb5 1-0

[Event "OLNO 2324 TSG Oberschöneweide - SC Kreu"]
[Site "?"]
[Date "2024.03.17"]
[Round "7.1"]
[White "Glantz, Robert"]
[Black "Rosenthal, Dirk"]
[Result "1-0"]
[WhiteElo "2375"]
[BlackElo "2385"]
[PlyCount "51"]
[EventDate "2024.??.??"]

1. e4 e5 2. Bc4 Nc6 3. Nf3 Nf6 4. d3 Be7 5. O-O O-O 6. Re1 d6 7. a4 Kh8 8. a5 a6 9. h3 Ng8 10. Nc3 f5 11. Nd5 Nf6 12. Ng5 fxe4 13. Nxf6 Bxf6 14. Nxh7 d5 15. Nxf6 Rxf6 16. Bb3 exd3 17. Bg5 Be6 18. Qxd3 Qe8 19. Bxf6 gxf6 20. c3 Qf7 21. Qg3 Qh5 22. Ra4 e4 23. Raxe4 dxe4 24. Bxe6 f5 25. Qxc7 Rd8 26. Qf4 1-0

[Event "OLNO 2324 TSG Oberschöneweide - SC Kreu"]
[Site "?"]
[Date "2024.03.17"]
[Round "7.2"]
[White "Schoewel, Matthias"]
[Black "Birnboim, Nathan"]
[Result "1-0"]
[WhiteElo "2201"]
[BlackElo "2343"]
[PlyCount "165"]
[EventDate "2024.??.??"]

1. e4 b6 2. d4 Bb7 3. Bd3 e6 4. Nf3 c5 5. O-O cxd4 6. Nxd4 Nc6 7. Nxc6 Bxc6 8. Qe2 Bc5 9. Be3 Bxe3 10. Qxe3 Nf6 11. c4 d6 12. Nc3 O-O 13. Rad1 Qe7 14. Be2 Rfd8 15. f4 Rac8 16. Bf3 Qc7 17. Rf2 a6 18. Rfd2 Ba8 19. Na4 Rb8 20. b3 b5 21. cxb5 axb5 22. Nc3 b4 23. Ne2 e5 24. Ng3 h6 25. Nf5 d5 26. exd5 exf4 27. Qe1 Re8 28. Qh4 Qb6+ 29. Kh1 Re5 30. Qxf4 Rbe8 31. h3 Re1+ 32. Rxe1 Rxe1+ 33. Kh2 Qg1+ 34. Kg3 Re4 35. Nxh6+ gxh6 36. Qxf6 Qe1+ 37. Rf2 Re5 38. Bh5 Bxd5 39. Bxf7+ Bxf7 40. Qxf7+ Kh8 41. Kh2 Re7 42. Qf6+ Kh7 43. Qf5+ Kh8 44. Qf4 Kh7 45. Rd2 Qe5 46. Qxe5 Rxe5 47. Rd4 Rb5 48. Rd6 Kg7 49. Kg3 Rg5+ 50. Kh2 Rb5 51. h4 h5 52. Kg3 Kh7 53. Kf4 Ra5 54. Rb6 Rxa2 55. Kg3 Rb2 56. Rxb4 Kg6 57. Rb5 Rb1 58. b4 Rb2 59. Kf3 Rb1 60. g3 Kh6 61. Kf4 Rb3 62. Rb6+ Kg7 63. g4 hxg4 64. Kxg4 Rb1 65. h5 Rf1 66. b5 Kh7 67. Kg5 Kg7 68. Rg6+ Kf7 69. b6 Rb1 70. Rf6+ Ke7 71. Rc6 Kd7 72. Rg6 Rb5+ 73. Kg4 Rb4+ 74. Kf3 Rh4 75. h6 Kc8 76. Kg3 Rh1 77. Kf4 Kb7 78. Rf6 Ka6 79. Kf5 Rh2 80. Kg6 Rg2+ 81. Kf7 Rh2 82. Kg7 Rg2+ 83. Rg6 1-0

[Event "OLNO 2324 TSG Oberschöneweide - SC Kreu"]
[Site "?"]
[Date "2024.03.17"]
[Round "7.3"]
[White "Maetzkow, Maximilian Paul"]
[Black "Horn, Sven"]
[Result "1/2-1/2"]
[WhiteElo "2244"]
[BlackElo "2101"]
[PlyCount "41"]
[EventDate "2024.??.??"]

1. Nf3 Nf6 2. g3 g6 3. Bg2 Bg7 4. O-O O-O 5. c4 d6 6. d4 Nbd7 7. Nc3 c6 8. Bf4 Nh5 9. Bg5 h6 10. Be3 f5 11. Qd2 g5 12. d5 c5 13. Bxg5 hxg5 14. Qxg5 Qe8 15. Nb5 Qf7 16. Nc7 Rb8 17. Ne6 Kh7 18. Qh4 Kg8 19. Qg5 Kh7 20. Qh4 Kg8 21. Qg5 1/2-1/2

[Event "OLNO 2324 TSG Oberschöneweide - SC Kreu"]
[Site "?"]
[Date "2024.03.17"]
[Round "7.4"]
[White "Raitza, Olaf"]
[Black "Matthes, Aaron"]
[Result "0-1"]
[WhiteElo "2052"]
[BlackElo "2197"]
[PlyCount "56"]
[EventDate "2024.??.??"]

1. e4 c5 2. Nf3 d6 3. d4 cxd4 4. Nxd4 Nf6 5. Nc3 Nc6 6. Bc4 Qb6 7. Nb3 e6 8. Be3 Qc7 9. O-O a6 10. a4 Be7 11. a5 Ne5 12. Be2 Nc4 13. Bxc4 Qxc4 14. Ra4 Qc7 15. Bb6 Qb8 16. Rc4 Bd7 17. Bc7 Qc8 18. Qd3 d5 19. exd5 exd5 20. Nxd5 Nxd5 21. Be5 Bc6 22. Bxg7 Rg8 23. Qxh7 Nf6 24. Qh6 Qe6 25. Rf4 Nd5 26. Qh7 Rxg7 27. Qxg7 Nxf4 28. Nd4 Ne2+ 0-1

[Event "OLNO 2324 TSG Oberschöneweide - SC Kreu"]
[Site "?"]
[Date "2024.03.17"]
[Round "7.5"]
[White "Groetzbach, Julian"]
[Black "Jauk, Wilhelm"]
[Result "1/2-1/2"]
[WhiteElo "2271"]
[BlackElo "2143"]
[PlyCount "45"]
[EventDate "2024.??.??"]

1. e4 d5 2. exd5 Qxd5 3. Nc3 Qa5 4. d4 Nf6 5. Nf3 Bf5 6. Bc4 e6 7. Bd2 c6 8. Nd5 Qd8 9. Nxf6+ gxf6 10. O-O Bg7 11. Re1 O-O 12. Nh4 Bg6 13. c3 Nd7 14. Re3 f5 15. Rh3 Re8 16. Nf3 b5 17. Bb3 a6 18. Qe2 Qc7 19. Rh4 c5 20. Bf4 Qb7 21. Ne5 cxd4 22. cxd4 Nb6 23. Rd1 1/2-1/2

[Event "OLNO 2324 TSG Oberschöneweide - SC Kreu"]
[Site "?"]
[Date "2024.03.17"]
[Round "7.6"]
[White "Hommel, Niclas"]
[Black "Moritz, Aron"]
[Result "0-1"]
[WhiteElo "2097"]
[BlackElo "2230"]
[PlyCount "58"]
[EventDate "2024.??.??"]

1. e4 c5 2. Nf3 d6 3. d4 cxd4 4. Nxd4 Nf6 5. Nc3 a6 6. Be3 e5 7. Nb3 Be7 8. Qd2 Ng4 9. g3 Be6 10. O-O-O Nxe3 11. Qxe3 Nd7 12. f4 b5 13. Kb1 Qb6 14. Qf3 Nf6 15. f5 Bd7 16. g4 b4 17. Nd5 Nxd5 18. Rxd5 Bc6 19. Rd1 a5 20. Bc4 a4 21. Nc1 Rc8 22. Bd5 a3 23. b3 O-O 24. h4 Bxd5 25. Rxd5 Rc3 26. Rd3 Rfc8 27. f6 Bxf6 28. g5 Rxc2 29. gxf6 Qc6 0-1

[Event "OLNO 2324 TSG Oberschöneweide - SC Kreu"]
[Site "?"]
[Date "2024.03.17"]
[Round "7.7"]
[White "Strache, Michael"]
[Black "Boewer, Roland"]
[Result "1/2-1/2"]
[WhiteElo "2222"]
[BlackElo "2183"]
[PlyCount "82"]
[EventDate "2024.??.??"]

1. e4 c5 2. Nf3 e6 3. c3 Nf6 4. e5 Nd5 5. Bc4 d6 6. d4 dxe5 7. dxe5 Nb6 8. Bb5+ Bd7 9. Bd3 Bc6 10. Qe2 N8d7 11. Bf4 c4 12. Bc2 Bxf3 13. Qxf3 Qc7 14. O-O Nxe5 15. Qh5 Bd6 16. Bxe5 Bxe5 17. Re1 Bf6 18. Rxe6+ Kf8 19. Re2 g6 20. Qh6+ Bg7 21. Qh4 Be5 22. Qh6+ Bg7 23. Qg5 h6 24. Qh4 Nd5 25. g3 Bf6 26. Qg4 Kg7 27. Nd2 b5 28. Qf3 Rad8 29. Ne4 Rd7 30. h4 h5 31. Rd1 Rhd8 32. Red2 Be7 33. Ng5 Nf6 34. Rxd7 Rxd7 35. Rxd7 Qxd7 36. Qd1 Qxd1+ 37. Bxd1 Ne8 38. Bf3 Nc7 39. Ne4 f5 40. Nd2 Kf6 41. Bb7 Ke6 1/2-1/2

[Event "OLNO 2324 TSG Oberschöneweide - SC Kreu"]
[Site "?"]
[Date "2024.03.17"]
[Round "7.8"]
[White "Bongardt, Livius"]
[Black "Dathe, Frederick"]
[Result "*"]
[WhiteElo "1903"]
[BlackElo "2205"]
[PlyCount "114"]
[EventDate "2024.??.??"]

1. e4 c5 2. Nf3 Nc6 3. d4 cxd4 4. Nxd4 e5 5. Nb5 d6 6. c4 Be6 7. N1c3 a6 8. Na3 g6 9. Nc2 Bg7 10. Be3 Nf6 11. Be2 O-O 12. O-O Rc8 13. f3 Nh5 14. Qd2 Nf4 15. Nd5 Nxe2+ 16. Qxe2 Nd4 17. Nxd4 exd4 18. Bf2 Bxd5 19. cxd5 Qb6 20. Qd2 Rc4 21. b3 Rb4 22. Qd3 a5 23. Rfd1 Rc8 24. Rac1 Rc5 25. Be1 Rbb5 26. Rb1 Rc3 27. Bxc3 dxc3+ 28. Kf1 a4 29. Qc2 Be5 30. bxa4 Rb2 31. Rxb2 cxb2 32. Qb3 Qc5 33. g3 b6 34. Ke2 Qc8 35. Kd3 Qc5 36. Ke2 g5 37. Qd3 Kf8 38. Kf1 h5 39. Kg2 h4 40. Qb3 Kg8 41. Rb1 Qc1 42. Qd3 Kf8 43. Qd1 Qe3 44. Qc2 Qd4 45. Rd1 Qb4 46. Qb3 Qc5 47. Rb1 Qc1 48. Qd3 Kg7 49. Qd1 Qe3 50. a3 Bd4 51. a5 bxa5 52. a4 Be5 53. Qf1 hxg3 54. hxg3 g4 55. Qf2 Qd3 56. Qf1 Qc2+ 57. Kg1 Bxg3 *

[Event "OLNO 2324 SV Empor Berlin - SF Berlin II"]
[Site "?"]
[Date "2024.03.17"]
[Round "7.1"]
[White "Florstedt, Johannes"]
[Black "Perunovic, Milos"]
[Result "0-1"]
[WhiteElo "2348"]
[BlackElo "2535"]
[PlyCount "68"]
[EventDate "2024.??.??"]

1. e4 c5 2. Nf3 e6 3. d4 cxd4 4. Nxd4 Nc6 5. Nc3 Qc7 6. Be3 a6 7. Qf3 h5 8. Nxc6 Qxc6 9. O-O-O b5 10. Bd3 Bb7 11. Rhe1 Nf6 12. Bd4 Be7 13. h3 h4 14. Qe3 b4 15. Nb1 d6 16. f4 Rh5 17. Nd2 e5 18. fxe5 dxe5 19. Ba7 Bc8 20. Bc4 Be6 21. b3 Rc8 22. Kb1 Rh6 23. Nf3 Nd7 24. Bxe6 Rxe6 25. Re2 a5 26. Rd5 a4 27. Qd3 axb3 28. axb3 Ra8 29. Be3 Qc3 30. Qxc3 bxc3 31. Bc1 Rea6 32. Bb2 cxb2 33. Rb5 Ra2 34. b4 R2a4 0-1

[Event "OLNO 2324 SV Empor Berlin - SF Berlin II"]
[Site "?"]
[Date "2024.03.17"]
[Round "7.2"]
[White "Ivanisevic, Ivan"]
[Black "Lauber, Arnd"]
[Result "0-1"]
[WhiteElo "2523"]
[BlackElo "2401"]
[PlyCount "154"]
[EventDate "2024.??.??"]

1. d4 d5 2. c4 e6 3. Nc3 Bb4 4. a3 Bxc3+ 5. bxc3 Nf6 6. cxd5 exd5 7. Bf4 O-O 8. e3 c5 9. Bd3 Qa5 10. Ne2 cxd4 11. exd4 Bg4 12. f3 Bh5 13. Qb1 b6 14. Qb4 Nc6 15. Qxa5 Nxa5 16. Bg5 Bg6 17. Ba6 Nd7 18. Bb5 f6 19. Bf4 Nb8 20. Kf2 a6 21. Ba4 b5 22. Bd1 Nc4 23. Bxb8 Raxb8 24. Nf4 Rfd8 25. Re1 Nb2 26. Bb3 Nd3+ 27. Nxd3 Bxd3 28. Re3 Bc4 29. Bc2 Re8 30. Rae1 Rxe3 31. Rxe3 Kf7 32. h4 g6 33. h5 Rb6 34. g4 Rc6 35. Kg3 Rc7 36. h6 Rc6 37. Kf2 Rc8 38. Ke1 Rc6 39. Kd2 Rb6 40. f4 a5 41. f5 g5 42. Re1 a4 43. Rb1 Ra6 44. Bd3 Bxd3 45. Kxd3 Rb6 46. Kc2 Ke7 47. c4 dxc4 48. Kc3 Kd7 49. Re1 Rd6 50. Re4 Rd5 51. Kb4 Kc7 52. Re7+ Rd7 53. Rg7 Kc6 54. d5+ Kd6 55. Kc3 Rc7 56. Rg6 Kxd5 57. Rxf6 Ke5 58. Re6+ Kf4 59. f6 Kxg4 60. Re7 Rc6 61. f7 Rf6 62. Kd4 Kf5 63. f8=Q Rxf8 64. Rxh7 Kg6 65. Rb7 Kxh6 66. Rxb5 Rf3 67. Kxc4 Rxa3 68. Ra5 g4 69. Kd4 g3 70. Ra8 Kg5 71. Ke4 Kg4 72. Rg8+ Kh3 73. Kf4 Kg2 74. Rc8 Kh2 75. Rh8+ Kg1 76. Rh3 Kf2 77. Kg4 Rb3 0-1

[Event "OLNO 2324 SV Empor Berlin - SF Berlin II"]
[Site "?"]
[Date "2024.03.17"]
[Round "7.3"]
[White "Poltorak, Sebastian"]
[Black "Milanovic, Danilo"]
[Result "0-1"]
[WhiteElo "2392"]
[BlackElo "2419"]
[PlyCount "104"]
[EventDate "2024.??.??"]

1. e4 d5 2. exd5 Qxd5 3. Nc3 Qe5+ 4. Nge2 Nf6 5. d4 Qa5 6. g3 c6 7. Bg2 Bf5 8. O-O e6 9. Bd2 Qd8 10. h3 h6 11. Be3 Bd6 12. Qd2 O-O 13. g4 Bh7 14. Ng3 Nbd7 15. Rad1 Qc7 16. f4 Nb6 17. Qf2 Nbd5 18. Nge4 Nxe4 19. Nxe4 Bxe4 20. Bxe4 f5 21. gxf5 Nxe3 22. Qxe3 exf5 23. Bd3 Rae8 24. Qf2 c5 25. c3 c4 26. Bb1 g6 27. Qf3 Re7 28. Rd2 Kf7 29. h4 h5 30. Rg2 Re6 31. Kh1 Qe7 32. Rg5 Re1 33. Kg2 Qe2+ 34. Qxe2 Rxe2+ 35. Rf2 Rfe8 36. Rg3 Bxf4 37. Rgf3 Bc1 38. b3 cxb3 39. axb3 Kg7 40. c4 Bb2 41. Rf4 Bc3 42. d5 b6 43. c5 bxc5 44. Bd3 R2e3 45. Bb5 Rb8 46. Ba4 Be5 47. Rc4 Bd6 48. Ra2 Kf6 49. Kf2 Rd3 50. Ke2 Rxd5 51. Rd2 Rxd2+ 52. Kxd2 Rb4 0-1

[Event "OLNO 2324 SV Empor Berlin - SF Berlin II"]
[Site "?"]
[Date "2024.03.17"]
[Round "7.4"]
[White "Volke, Karsten"]
[Black "Polzin, Rainer"]
[Result "1/2-1/2"]
[WhiteElo "2429"]
[BlackElo "2401"]
[PlyCount "25"]
[EventDate "2024.??.??"]

1. d4 Nf6 2. Nf3 g6 3. c4 Bg7 4. g3 c5 5. Bg2 cxd4 6. Nxd4 O-O 7. Nc3 Qc7 8. Nd5 Nxd5 9. cxd5 Qa5+ 10. Bd2 Qb6 11. Bc3 d6 12. Qd2 Nd7 13. Nb3 1/2-1/2

[Event "OLNO 2324 SV Empor Berlin - SF Berlin II"]
[Site "?"]
[Date "2024.03.17"]
[Round "7.5"]
[White "Ahlander, Bjorn"]
[Black "Thinius, Marco"]
[Result "1/2-1/2"]
[WhiteElo "2364"]
[BlackElo "2361"]
[PlyCount "73"]
[EventDate "2024.??.??"]

1. d4 Nf6 2. c4 e6 3. Nf3 Bb4+ 4. Nbd2 b6 5. g3 Bb7 6. Bg2 O-O 7. O-O d5 8. cxd5 exd5 9. Ne5 Re8 10. Ndf3 Bf8 11. Bf4 Na6 12. Rc1 c5 13. Bh3 h6 14. Qa4 Bd6 15. Be3 cxd4 16. Bxd4 Nc5 17. Qc2 Ne6 18. Nc6 Bxc6 19. Qxc6 Nxd4 20. Nxd4 Be5 21. e3 Bxd4 22. exd4 Re2 23. Qb7 Rb8 24. Qxa7 Rxb2 25. Qa3 Rd2 26. Rcd1 Rxd1 27. Rxd1 Ra8 28. Qb2 g6 29. Bg2 Qd6 30. Rb1 Kg7 31. h3 h5 32. Qe2 Ra4 33. Qe5 Qxe5 34. dxe5 Ne4 35. Rxb6 Rxa2 36. Rb7 Kf8 37. Bxe4 1/2-1/2

[Event "OLNO 2324 SV Empor Berlin - SF Berlin II"]
[Site "?"]
[Date "2024.03.17"]
[Round "7.6"]
[White "Foerster, Jonas"]
[Black "Thiede, Lars"]
[Result "1-0"]
[WhiteElo "2238"]
[BlackElo "2388"]
[PlyCount "111"]
[EventDate "2024.??.??"]

1. d4 Nf6 2. c4 g6 3. Nc3 Bg7 4. Nf3 O-O 5. g3 d6 6. Bg2 c5 7. d5 Na6 8. O-O Nc7 9. a4 b6 10. Re1 a6 11. e4 Bg4 12. h3 Bxf3 13. Qxf3 Rb8 14. Bf1 Nd7 15. Qd1 Re8 16. Be3 Nf8 17. Qd2 e6 18. Kg2 exd5 19. exd5 Nd7 20. Bg5 Bf6 21. h4 Bxg5 22. hxg5 f5 23. gxf6 Nxf6 24. Bd3 Qd7 25. Qg5 Rxe1 26. Rxe1 Re8 27. Rh1 Qe7 28. Qh4 Qg7 29. Qf4 Re5 30. Be2 Qe7 31. Bf3 Nce8 32. Qd2 Ng7 33. a5 bxa5 34. Ra1 Nf5 35. Rxa5 Qb7 36. Ne2 Kg7 37. Nf4 Nd4 38. Qc3 Qc8 39. Ne6+ Nxe6 40. dxe6 Qxe6 41. Rxa6 Qe7 42. Rb6 Qd8 43. Ra6 h6 44. Qd3 Re6 45. b4 cxb4 46. c5 Re7 47. cxd6 Rd7 48. Bc6 Rf7 49. d7 Nxd7 50. Bxd7 Rxd7 51. Qxg6+ Kh8 52. Qxh6+ Rh7 53. Qc6 Rc7 54. Qe4 Qg5 55. Rg6 Qd8 56. Qe5+ 1-0

[Event "OLNO 2324 SV Empor Berlin - SF Berlin II"]
[Site "?"]
[Date "2024.03.17"]
[Round "7.7"]
[White "Chatzidakis, Mihail"]
[Black "Nitsche-Hahn, Raphael"]
[Result "1-0"]
[WhiteElo "2333"]
[BlackElo "2130"]
[PlyCount "51"]
[EventDate "2024.??.??"]

1. e4 c5 2. Nf3 Nc6 3. Bb5 Nf6 4. Nc3 e5 5. Bxc6 dxc6 6. Nxe5 Nxe4 7. Nxe4 Qd5 8. d3 Qxe5 9. f4 Qc7 10. Qe2 Be7 11. O-O O-O 12. f5 f6 13. Bd2 Bd6 14. Qh5 Be5 15. Rf3 Qf7 16. Qh4 g5 17. fxg6 hxg6 18. Bh6 Qh7 19. Ng5 Qd7 20. Bxf8 Qd4+ 21. Qxd4 Bxd4+ 22. Kh1 Kxf8 23. c3 Be5 24. Ne4 Bg4 25. Rf2 Rd8 26. Nxf6 1-0

[Event "OLNO 2324 SV Empor Berlin - SF Berlin II"]
[Site "?"]
[Date "2024.03.17"]
[Round "7.8"]
[White "Jahn, Thomas"]
[Black "Rudolf, Henrik"]
[Result "0-1"]
[WhiteElo "2183"]
[BlackElo "2284"]
[PlyCount "72"]
[EventDate "2024.??.??"]

1. e4 c5 2. Nf3 Nc6 3. Bb5 e6 4. O-O Nge7 5. d4 cxd4 6. Nxd4 Qb6 7. Nxc6 bxc6 8. Bd3 Ng6 9. c4 Be7 10. Nd2 O-O 11. Nf3 e5 12. Rb1 a5 13. Be3 Bc5 14. Bd2 d6 15. Ne1 f5 16. exf5 Bxf5 17. Bxf5 Rxf5 18. Nd3 Bd4 19. b4 axb4 20. Bxb4 Qc7 21. a4 c5 22. Be1 Qf7 23. Qc2 Nh4 24. Qe2 Qxc4 25. Qe4 d5 26. Qxh4 Qxd3 27. Rb7 e4 28. g4 e3 29. Qg3 Rff8 30. Kg2 Qe4+ 31. f3 Qc2+ 32. Kh3 Ra6 33. g5 Rxa4 34. f4 Qf5+ 35. Qg4 e2 36. Rh1 Qe4 0-1

[Event "OLNO 2324 Mattnetz Berlin - SC Weisse Da"]
[Site "?"]
[Date "2024.03.17"]
[Round "7.1"]
[White "Gelman, Josef"]
[Black "Hesse, Henrik"]
[Result "1/2-1/2"]
[WhiteElo "2072"]
[BlackElo "2312"]
[PlyCount "141"]
[EventDate "2024.??.??"]

1. Nc3 d5 2. d4 Nf6 3. Nf3 e6 4. Bf4 Bd6 5. Bxd6 Qxd6 6. Qd2 O-O 7. e3 c6 8. Bd3 Nbd7 9. e4 dxe4 10. Nxe4 Nxe4 11. Bxe4 Nf6 12. Bd3 c5 13. dxc5 Qxc5 14. O-O b6 15. Qg5 Qb4 16. Qh4 Qxh4 17. Nxh4 Bb7 18. f4 Rac8 19. Rae1 g6 20. h3 Nd7 21. c3 Nc5 22. Bc2 Ba6 23. Rf2 Rfd8 24. Nf3 Bd3 25. Ne5 Bxc2 26. Rxc2 Rd5 27. Rce2 Kg7 28. Rf1 Nd3 29. Nxd3 Rxd3 30. Rfe1 Rc4 31. Re4 Rc5 32. Kf2 Kf6 33. R1e3 Rd7 34. g4 h6 35. Kf3 g5 36. fxg5+ hxg5 37. Kg3 Rd2 38. Re2 Rcd5 39. Rxd2 Rxd2 40. Ra4 Rxb2 41. Rxa7 Rc2 42. Ra3 Ke5 43. Rb3 f5 44. gxf5 Kxf5 45. a4 e5 46. Kf3 Rc1 47. Rxb6 e4+ 48. Kg2 Rc2+ 49. Kg3 Rxc3+ 50. Kg2 Ra3 51. Ra6 Kf4 52. Rf6+ Ke3 53. Rf5 Rxa4 54. Rxg5 Rd4 55. h4 Rd2+ 56. Kg3 Rd3 57. Ra5 Ke2+ 58. Kf4 e3 59. h5 Kf2 60. h6 e2 61. Ra2 Rd5 62. Kg4 Ke3 63. Rxe2+ Kxe2 64. h7 Rd8 65. Kg5 Kf3 66. Kg6 Kg4 67. Kg7 Rd7+ 68. Kg8 Kg5 69. h8=Q Rd8+ 70. Kg7 Rxh8 71. Kxh8 1/2-1/2